[Event "CalChess-ch"]
[Site "Monterey Park"]
[Date "2002.04.07"]
[Round "5"]
[White "Tsui, Brian"]
[Black "Tein, Daniel"]
[Result "1/2-1/2"]
[WhiteElo "1116"]
[BlackElo "1216"]
[PlyCount "82"]
[EventDate "2002.??.??"]
[EventType "swiss"]
[EventRounds "6"]
[EventCountry "USA"]
[SourceTitle "EXT 2007"]
[Source "ChessBase"]
[SourceDate "2006.11.23"]
[SourceVersion "1"]
[SourceVersionDate "2006.11.23"]
[SourceQuality "1"]

1. e4 c5 2. Nf3 Nc6 3. Nc3 d6 4. d4 cxd4 5. Nxd4 Nf6 6. Nxc6 bxc6 7. Bc4 g6 8. 0-0 Bg7 9. Re1 0-0 10. Bf4 Bb7 11. b4 Qb6 12. Rb1 Qc7 13. b5 c5 14. e5 Ne8 15. exd6 Nxd6 16. Bxd6 Qxd6 17. Qxd6 exd6 18. Ne4 d5 19. Nd6 dxc4 20. Nxb7 Bd4 21. Nd6 c3 22. h3 Rab8 23. a4 Rfd8 24. Nc4 Re8 25. Na5 Kf8 26. Nc6 Ra8 27. Nxd4 cxd4 28. Rxe8+ Rxe8 29. b6 axb6 30. Rxb6 Ra8 31. Rb4 d3 32. cxd3 c2 33. Rc4 Rxa4 34. Rxc2 Rd4 35. Rd2 Kg7 36. Kf1 Kf6 37. Ke2 Ke5 38. Ke3 Rd6 39. d4+ Kd5 40. Kf4 Rf6+ 41. Kg5 Kd6 1/2-1/2